Países con los volcanes más altos - Estadísticas

Estadísticas generales
  • Esta prueba ha sido intentada 1.951 veces
  • La puntuación promedio es 12 de 20
Estadísticas de respuestas
Metros Países % Correcto
5.005 Estados Unidos
94%
6.893 Chile
90%
6.893 Argentina
87%
5.636 México
85%
6.425 Perú
84%
5.642 Rusia
83%
6.267 Ecuador
81%
5.364 Colombia
80%
6.542 Bolivia
79%
4.220 Guatemala
56%
5.199 Kenia
56%
5.895 Tanzania
55%
5.610 Irán
45%
5.137 Turquía
44%
4.321 Uganda
39%
4.095 Armenia
34%
5.047 Georgia
34%
4.368 Papúa Nueva Guinea
34%
4.507 Ruanda
32%
4.095 Camerún
18%
No se encontraron pruebas coincidentes
Distribución de puntuación
Porcentaje de gente con cada puntuación
Porcentaje por número respondido
Historial de tus puntuaciones
No has intentado esta prueba.